Belgium Squad WC2026 - Statistics

General Stats
  • This quiz has been taken 10 times
  • The average score is 15 of 26
Answer Stats
Position Club Player % Correct
Goalkeeper Real Madrid Thibault Courtois
100%
Goalkeeper Manchester United Senne Lammens
88%
Attack Manchester City Jérémy Doku
75%
Midfield Napoli Kevin De Bruyne
75%
Attack Arsenal Leandro Trossard
75%
Attack Napoli Romelu Lukaku
75%
Defender Fulham Timothy Castagne
75%
Midfield Aston Villa Youri Tielemans
75%
Midfield Aston Villa Amadou Onana
63%
Midfield Atalanta Charles De Ketelaere
63%
Midfield AC Milan Alexis Saelemaekers
50%
Midfield Girona Axel Witsel
50%
Defender Club Brugge Brandon Mechele
50%
Midfield Club Brugge Hans Vanaken
50%
Defender AC Milan Koni De Winter
50%
Defender Brighton Maxim De Cuyper
50%
Goalkeeper RC Strasbourg Mike Penders
50%
Midfield Rangers Nicolas Raskin
50%
Defender Lille Thomas Meunier
50%
Defender Sporting Lisbon Zeno Debast
50%
Midfield RC Strasbourg Diego Moreira
38%
Attack Benfica Dodi Lukébakio
38%
Defender Club Brugge Joaquin Seys
38%
Defender Lille Nathan Ngoy
38%
Attack Lille Matias Fernandez-Pardo
25%
Defender Eintracht Frankfurt Arthur Theathe
13%
No matching quizzes found
Score Distribution
Percent of People with Each Score
Percentile by Number Answered
Your Score History
You have not taken this quiz